[Event "Mondiale Lampo FIDE 2022"]
[Site "Alma Ata"]
[Date "29.12.2022"]
[Round "1.3"]
[White "Caruana, Fabiano"]
[Black "Sargissian, Gabriel"]
[Result "1-0"]
[WhiteTitle ""]
[BlackTitle ""]
[WhiteElo "2766"]
[BlackElo "2699"]
[WhiteFideId "2020009"]
[BlackFideId "13300881"]
[EventDate "29.12.2022"]

1. e4 e5 2. Nf3 Nc6 3. Bb5 a6 4. Ba4 Nf6 5. O-O Be7 6. Re1 b5 7. Bb3 O-O 8. d3
d6 9. Bd2 Bg4 10. c3 Na5 11. Bc2 c5 12. h3 Bh5 13. Bc1 Qc7 14. Nbd2 Rad8 15. Nf1
d5 16. exd5 Rxd5 17. Ng3 Bg6 18. Qe2 Nc6 19. Nh4 Rfd8 20. Nxg6 hxg6 21. a4 b4
22. Bb3 Rxd3 23. Bc4 R3d7 24. Bxa6 Na5 25. Bb5 Rd5 26. Bg5 bxc3 27. bxc3 c4 28.
Rad1 Kf8 29. Rxd5 Nxd5 30. Bxe7+ Qxe7 31. Qf3 Qf6 32. Qg4 Nxc3 33. Bxc4 Qf4 34.
Bb5 Qxg4 35. hxg4 f6 36. Rc1 Nxb5 37. axb5 Rb8 38. Rb1 Nc4 39. Ne4 Ke7 40. Rb4
Nd6 41. Nc3 Ke6 42. b6 Rb7 43. Na4 Kd5 44. Rb1 Nc4 45. Rb4 f5 46. Kh2 f4 47. f3
Nd6 48. Kg1 g5 49. Kf2 e4 50. fxe4+ Kc6 51. e5 Nf7 52. e6 Nd6 53. Rb1 Re7 54.
Re1 Kd5 55. Nc3+ Kc6 56. Re5 Re8 57. Nd5 Nc4 58. Rxg5 Rxe6 59. Nxf4 Rf6 60. Kg3
Nd6 61. Rxg7 Ne4+ 62. Kf3 Nd2+ 63. Ke2 Nc4 64. Rg6 Rxg6 65. Nxg6 Nxb6 66. Ke3
Kd6 67. Kf4 Ke6 68. Kg5 Kf7 69. Ne5+ Kg7 70. Nd3 Nc4 71. Nf4 Ne3 72. Kh5 Nf1 73.
g5 Ng3+ 74. Kg4 Ne4 75. Nd3 Kg6 76. Ne5+ Kg7 77. Kf4 Nd6 78. Nc6 Kg6 79. Ne7+
Kf7 80. Nf5 Nc4 81. Kg4 Kg6 82. Nh4+ Kg7 83. Kh5 Ne3 84. g4 Nd5 85. Nf5+ Kg8 86.
g6 Nf6+ 87. Kg5 Ne4+ 88. Kh6 Nf6 89. Ne3 Kh8 90. Kg5 Ne4+ 91. Kf5 Nd6+ 92. Kf6
Kg8 93. Nd5 Ne4+ 94. Ke5 Nf2 95. Kf5 Kg7 96. Nf4 Nh3 97. Nxh3 1-0

[Event "Mondiale Lampo FIDE 2022"]
[Site "Alma Ata"]
[Date "29.12.2022"]
[Round "1.4"]
[White "Yu, Yangyi"]
[Black "Gareyev, Timur"]
[Result "1-0"]
[WhiteTitle ""]
[BlackTitle ""]
[WhiteElo "2728"]
[BlackElo "2602"]
[WhiteFideId "8603820"]
[BlackFideId "14200937"]
[EventDate "29.12.2022"]

1. e4 e5 2. Nf3 Nc6 3. Bb5 a6 4. Ba4 Nf6 5. O-O Be7 6. d3 d6 7. c4 O-O 8. h3 Na7
9. Nc3 c6 10. b4 h6 11. a3 Be6 12. Bb3 b5 13. Be3 Qb8 14. Rb1 Rd8 15. Qe2 Nc8
16. d4 Nb6 17. dxe5 dxe5 18. Bxb6 Qxb6 19. c5 Qc7 20. Bxe6 fxe6 21. Qa2 Kf7 22.
Rbd1 a5 23. Qb3 g5 24. Qc2 Rg8 25. Ne2 g4 26. hxg4 Nxg4 27. Ng3 Rg6 28. Rd3 Rag8
29. Rfd1 Ke8 30. Qd2 Nxf2 31. Rd7 Qc8 32. Qxf2 Rxg3 33. Ne1 Qxd7 34. Rxd7 Kxd7
35. Qd2+ Kc7 36. Qxh6 Rxa3 37. Qxe6 Re8 38. Qxe5+ Kb7 39. Qg7 Ra1 1-0

[Event "Mondiale Lampo FIDE 2022"]
[Site "Alma Ata"]
[Date "29.12.2022"]
[Round "1.5"]
[White "Paravyan, David"]
[Black "Artemiev, Vladislav"]
[Result "1/2-1/2"]
[WhiteTitle ""]
[BlackTitle ""]
[WhiteElo "2586"]
[BlackElo "2701"]
[WhiteFideId "4194985"]
[BlackFideId "24101605"]
[EventDate "29.12.2022"]

1. e4 c6 2. d4 d5 3. e5 Bf5 4. h4 h5 5. Bd3 Bxd3 6. Qxd3 e6 7. Bg5 Be7 8. Nf3
Nh6 9. Bxh6 Rxh6 10. c4 dxc4 11. Qxc4 Qa5+ 12. Nc3 Qa6 13. Qxa6 Nxa6 14. g3 Rd8
15. Ke2 Rh8 16. a3 f6 17. b4 Nc7 18. Rhb1 Kf7 19. Rb3 Rd7 20. Rc1 Rhd8 21. a4
Nd5 22. b5 cxb5 23. Nxb5 a6 24. Na3 Bxa3 25. Rxa3 Ne7 26. Rb3 Nc6 27. Rcb1 Kg6
28. Rxb7 Nxd4+ 29. Nxd4 Rxb7 30. Rxb7 Rxd4 31. exf6 Kxf6 32. a5 Rd5 33. Ra7 Rxa5
34. Ke3 Ra3+ 35. Ke4 Ra4+ 36. Ke3 g6 37. Ra8 Ke5 38. Rg8 Ra3+ 39. Ke2 Kf5 40.
Rf8+ Ke5 41. Rg8 Kf6 42. Rf8+ Kg7 43. Ra8 a5 44. Kd2 a4 45. Ra5 Kf6 46. Ke2 e5
47. f3 Kf5 48. Ra8 Ra1 49. Kf2 Ra2+ 50. Ke3 a3 51. Rf8+ Ke6 52. Ra8 Kf6 53. Ra7
Kf5 54. Ra6 Rg2 55. Rxa3 Rxg3 56. Ra4 Rg2 57. Rb4 Ra2 58. Rc4 Rb2 59. Ra4 Rb5
60. Kf2 Rb3 61. Kg2 Rd3 62. Ra8 Rd6 63. Kg3 g5 64. hxg5 Kxg5 65. Rg8+ Kf5 66.
Rf8+ Rf6 67. Rh8 Kg5 68. Rg8+ Rg6 69. Rh8 Rg7 70. Kh3 Kf4 71. Rf8+ Kg5 72. Re8
Kf5 73. Rf8+ Ke6 74. Kh4 Rh7 75. Ra8 Rg7 76. Kxh5 Rf7 77. Kg4 Rg7+ 1/2-1/2

[Event "Mondiale Lampo FIDE 2022"]
[Site "Alma Ata"]
[Date "29.12.2022"]
[Round "1.7"]
[White "Saraci, Nderim"]
[Black "Giri, Anish"]
[Result "0-1"]
[WhiteTitle ""]
[BlackTitle ""]
[WhiteElo "2468"]
[BlackElo "2764"]
[WhiteFideId "6351921"]
[BlackFideId "24116068"]
[EventDate "29.12.2022"]

1. e4 c5 2. Nf3 d6 3. Bb5+ Nd7 4. O-O a6 5. Bd3 Ngf6 6. c3 e6 7. Bc2 b5 8. d4
Bb7 9. Re1 Be7 10. Bg5 h6 11. Bh4 O-O 12. Nbd2 Nh5 13. Bxe7 Qxe7 14. e5 dxe5 15.
dxe5 Nf4 16. Be4 Bxe4 17. Nxe4 Rfd8 18. Qd2 Ng6 19. Qd6 Ndxe5 20. Qxe7 Nxf3+ 21.
gxf3 Nxe7 22. Nxc5 Rd2 23. Rab1 Rd5 24. Nb3 Nf5 25. Red1 Rad8 26. Rxd5 Rxd5 27.
Kg2 g5 28. Ra1 Nh4+ 29. Kf1 Nxf3 30. Kg2 Ne5 31. a4 Nd3 32. axb5 axb5 33. Rb1
Kg7 34. Nd4 b4 35. Ne2 b3 36. Kf3 Rf5+ 37. Ke3 Nxf2 38. Ng3 Ng4+ 39. Kd3 Rf4 40.
Nh5+ Kg6 41. Nxf4+ gxf4 42. Rg1 Kf5 43. c4 Ne5+ 44. Kc3 f3 45. c5 Ke4 46. Re1+
Kd5 47. Kd2 Kd4 48. Rc1 Nd3 49. Rc3 Nxc5 0-1

[Event "Mondiale Lampo FIDE 2022"]
[Site "Alma Ata"]
[Date "29.12.2022"]
[Round "1.8"]
[White "Nepomniachtchi, Ian"]
[Black "Chigaev, Maksim"]
[Result "1-0"]
[WhiteTitle ""]
[BlackTitle ""]
[WhiteElo "2793"]
[BlackElo "2632"]
[WhiteFideId "4168119"]
[BlackFideId "4108116"]
[EventDate "29.12.2022"]

1. e4 c5 2. Nf3 d6 3. Bb5+ Bd7 4. a4 Nc6 5. O-O Nf6 6. Re1 e5 7. Nc3 Be7 8. d3
h6 9. Nd2 O-O 10. Nf1 Nd4 11. Bxd7 Nxd7 12. Nd5 Bg5 13. c3 Ne6 14. Qb3 Rb8 15.
a5 Kh8 16. Nfe3 Bxe3 17. Bxe3 Nf6 18. f3 Nxd5 19. Qxd5 Nc7 20. Qa2 f5 21. d4
fxe4 22. fxe4 b6 23. Rad1 Qh4 24. dxe5 dxe5 25. g3 Qg4 26. axb6 axb6 27. b4 Ne6
28. bxc5 bxc5 29. Qe2 Qxe4 30. Bf2 Qa8 31. h4 Rf5 32. Qe4 Qxe4 33. Rxe4 Rbf8 34.
Rd2 h5 35. Rde2 g6 36. Rxe5 Rxe5 37. Rxe5 Ng7 38. Bxc5 Rf7 39. Bd4 Kh7 40. Kg2
Nf5 41. Bf2 Rc7 42. Rc5 Rd7 43. c4 Kg7 44. Kf3 Kf7 45. Rd5 Rb7 46. Kf4 Rb2 47.
Be1 Rb1 48. Re5 Rc1 49. c5 Rc4+ 50. Kf3 Kf6 51. Rd5 Ke6 52. Rd8 Rxc5 53. Ra8 Rc6
54. Ra4 Kf7 55. Kf4 Re6 56. Bc3 Re7 57. Be5 Rb7 58. Kg5 Rb5 59. Ra7+ Ke6 60. Bf4
Ne7+ 61. Kh6 Rb3 62. Kg7 Nf5+ 63. Kxg6 Nxg3 64. Ra6+ Kd5 65. Ra5+ Ke4 66. Bxg3
Rxg3+ 67. Kxh5 Kf4 68. Kh6 Rg8 69. h5 Rg1 70. Kh7 Rg2 71. h6 Ke4 72. Kh8 Rg1 73.
h7 Rg2 74. Ra8 Kf5 75. Rg8 1-0

[Event "Mondiale Lampo FIDE 2022"]
[Site "Alma Ata"]
[Date "29.12.2022"]
[Round "1.9"]
[White "Ponkratov, Pavel"]
[Black "Duda, Jan-Krzysztof"]
[Result "0-1"]
[WhiteTitle ""]
[BlackTitle ""]
[WhiteElo "2577"]
[BlackElo "2729"]
[WhiteFideId "4157800"]
[BlackFideId "1170546"]
[EventDate "29.12.2022"]

1. e4 c5 2. Nf3 d6 3. d4 cxd4 4. Nxd4 Nf6 5. Nc3 a6 6. a4 e5 7. Nf3 Be7 8. Bc4
Be6 9. Qd3 h6 10. O-O O-O 11. Nd5 Nbd7 12. Be3 Rc8 13. Nxe7+ Qxe7 14. Bxe6 Qxe6
15. Rfd1 Rc6 16. b3 b5 17. axb5 axb5 18. Ne1 Rb8 19. f3 b4 20. Ra7 Nc5 21. Qd2
Qc8 22. Qf2 Ra8 23. Rxa8 Qxa8 24. h3 Qa6 25. Qd2 Qb5 26. Ra1 Na6 27. Nd3 d5 28.
Nxe5 Re6 29. Bf4 dxe4 30. Qd4 Nd5 31. Bh2 e3 32. Qc4 Nac7 33. Rd1 Qxc4 34. bxc4
Nc3 35. Re1 e2 36. Nd3 Na6 37. Bf4 Rc6 38. Bd2 Rxc4 39. Bxc3 Rxc3 40. Rxe2 b3
41. Kf2 bxc2 42. Nc1 Nb4 43. Ke1 Rc4 44. Kd2 f5 45. Re5 g6 46. Re3 Kf7 47. Ra3
h5 48. Ra5 h4 49. Rb5 Kf6 50. Ne2 0-1

[Event "Mondiale Lampo FIDE 2022"]
[Site "Alma Ata"]
[Date "29.12.2022"]
[Round "1.10"]
[White "Vachier-Lagrave, Maxime"]
[Black "Hambleton, Aman"]
[Result "1-0"]
[WhiteTitle ""]
[BlackTitle ""]
[WhiteElo "2737"]
[BlackElo "2437"]
[WhiteFideId "623539"]
[BlackFideId "2606577"]
[EventDate "29.12.2022"]

1. d4 Nf6 2. c4 e6 3. Nc3 Bb4 4. e3 O-O 5. Bd2 d5 6. Nf3 Re8 7. Rc1 Nbd7 8. Qb3
Bxc3 9. Bxc3 c6 10. Bd3 Ne4 11. O-O f5 12. Qc2 b6 13. b4 Bb7 14. c5 Nxc3 15.
Qxc3 a5 16. cxb6 Qxb6 17. Rb1 a4 18. Rfc1 Rec8 19. a3 Ba6 20. h3 h6 21. Qc2 Qb7
22. Bxa6 Qxa6 23. Ne1 Nb6 24. Nd3 Qb7 25. Ne5 Nd7 26. Nxc6 Kh7 27. b5 Nb6 28. g4
Qf7 29. gxf5 exf5 30. Kh2 Nc4 31. Qd3 Qe6 32. Rg1 Rf8 33. Rg3 Qd6 34. Rg1 Rf7
35. Ra1 Kh8 36. f4 Re8 37. Ne5 Rb7 38. Qc3 Rc8 39. Qd3 Qf6 40. Rag1 Nd6 41. Rg6
Qf8 42. Rxh6+ gxh6 43. Ng6+ Kh7 44. Nxf8+ Rxf8 45. Rb1 Rfb8 46. Qc2 Rb6 47. Qc7+
Kh8 48. Rg1 Ne8 49. Qf7 1-0

[Event "Mondiale Lampo FIDE 2022"]
[Site "Alma Ata"]
[Date "29.12.2022"]
[Round "1.11"]
[White "Nguyen, Thai Dai Van"]
[Black "Grischuk, Alexander"]
[Result "0-1"]
[WhiteTitle ""]
[BlackTitle ""]
[WhiteElo "2656"]
[BlackElo "2745"]
[WhiteFideId "358878"]
[BlackFideId "4126025"]
[EventDate "29.12.2022"]

1. d4 g6 2. e4 Bg7 3. Nf3 d6 4. Be3 Nf6 5. Nc3 a6 6. Qd2 b5 7. Bh6 O-O 8. Bd3
Nc6 9. Bxg7 Kxg7 10. e5 dxe5 11. dxe5 Ng4 12. O-O-O b4 13. Rhe1 Be6 14. Na4 Qd5
15. b3 Ncxe5 16. Qxb4 Nxf3 17. gxf3 Nxf2 18. Rd2 Nxd3+ 19. Rxd3 Qg5+ 20. f4 Qf6
21. Kb1 Rad8 22. Rde3 Rd4 23. Qc3 Rxf4 24. Qxc7 Rc8 25. Qb7 Bf5 26. R3e2 Rxc2
27. Rxc2 Bxc2+ 28. Kxc2 Rf2+ 29. Kd3 Qd6+ 30. Kc4 Rc2+ 31. Nc3 Qd2 32. Qf3 Qxe1
33. b4 Qe5 34. a4 Rxh2 35. b5 axb5+ 36. axb5 Rh4+ 37. Kb3 Rf4 38. Qd3 Rf6 39.
Nd5 Rd6 40. Kc4 e6 0-1

[Event "Mondiale Lampo FIDE 2022"]
[Site "Alma Ata"]
[Date "29.12.2022"]
[Round "1.14"]
[White "Andreikin, Dmitry"]
[Black "Le, Tuan Minh"]
[Result "1-0"]
[WhiteTitle ""]
[BlackTitle ""]
[WhiteElo "2729"]
[BlackElo "2542"]
[WhiteFideId "4158814"]
[BlackFideId "12401153"]
[EventDate "29.12.2022"]

1. Nf3 d5 2. g3 Nd7 3. d4 Nb6 4. a4 a5 5. Bg2 Bf5 6. Nh4 Bg4 7. h3 Bh5 8. c3 e6
9. Nd2 Be7 10. Nhf3 Nf6 11. g4 Bg6 12. Ne5 Nfd7 13. Nxg6 hxg6 14. e4 c6 15. Qe2
Bg5 16. O-O Bf4 17. Nf3 Bxc1 18. Rfxc1 dxe4 19. Qxe4 Nd5 20. Re1 g5 21. c4 Nf4
22. Ra3 Qf6 23. Rb3 Rb8 24. h4 Nxg2 25. hxg5 Qf4 26. Kxg2 Qxe4 27. Rxe4 g6 28.
Ne5 Ke7 29. Nxd7 Kxd7 30. Re5 Rh4 31. Kg3 Rh1 32. Rxa5 Rg1+ 33. Kf4 Rd1 34. Ke5
Kc7 35. Kf6 Rxd4 36. Kxf7 Rf4+ 37. Kxg6 Rg8+ 38. Kh7 Rff8 39. g6 Rh8+ 40. Kg7
Rhg8+ 41. Kh6 Rf6 42. Rg5 Rxf2 43. g7 Rh2+ 44. Rh5 Rd2 45. Kh7 Rdd8 46. Re5 Rge8
47. Rbe3 Kd6 48. Rxe6+ 1-0

[Event "Mondiale Lampo FIDE 2022"]
[Site "Alma Ata"]
[Date "29.12.2022"]
[Round "1.15"]
[White "Dardha, Daniel"]
[Black "Fedoseev, Vladimir3"]
[Result "1-0"]
[WhiteTitle ""]
[BlackTitle ""]
[WhiteElo "2606"]
[BlackElo "2688"]
[WhiteFideId "240990"]
[BlackFideId "24130737"]
[EventDate "29.12.2022"]

1. d4 Nf6 2. Bg5 g6 3. Bxf6 exf6 4. e3 d5 5. g3 Nd7 6. Bg2 Nb6 7. Nd2 c6 8. Ne2
Bd6 9. O-O h5 10. b3 h4 11. c4 hxg3 12. hxg3 Bc7 13. e4 dxe4 14. Nxe4 Kf8 15.
Qd2 Kg7 16. Rfe1 Rh5 17. Rad1 Bg4 18. Rc1 Nd7 19. Nf4 Rh6 20. Qe3 Qf8 21. Qd2
Rd8 22. Nd3 Bf5 23. d5 cxd5 24. cxd5 Bb6 25. Nb2 Bxe4 26. Rxe4 f5 27. Ree1 Qd6
28. Qc3+ Kg8 29. Nc4 Qc5 30. Nxb6 Qxc3 31. Rxc3 Nxb6 32. Rc7 Nxd5 33. Rxb7 Nc3
34. Rxa7 Rd2 35. Bf3 g5 36. Rc7 Nxa2 37. Re8+ Kg7 38. Ree7 g4 39. Rxf7+ Kg6 40.
Rg7+ Kf6 41. Rgf7+ Ke5 42. Bg2 Rd1+ 43. Bf1 Nb4 44. Kg2 Nd5 45. Rc5 Rd2 46. Bc4
Rd6 47. b4 Ke4 48. Bxd5+ R2xd5 49. Rc4+ Ke5 50. Rf4 Ke6 51. Rf8 Rb6 52. Re8+ Kf6
53. Rg8 Ke7 54. Rg5 Rbb5 55. Rg6 Kf7 56. Rgxg4 Kf6 57. Rg8 Kf7 58. Rc8 Kg6 59.
Rc3 Kg5 60. Rfc4 Rd2 61. Rc5 Rxb4 62. Rf3 Rbb2 63. Rfxf5+ Kg6 64. Rf4 Re2 65.
Rc6+ Kg5 66. Rc5+ Kg6 67. Rc3 Red2 68. Re3 Rdc2 69. Ref3 Kg5 70. Rf8 Kg6 71.
Rg8+ Kh7 72. Rg4 Kh6 73. Rf5 Rd2 74. Rg8 Kh7 75. Re8 Kg6 76. g4 Rd4 77. Re6+ Kg7
78. Kg3 Rbb4 79. f3 Rd1 80. Kh4 Rb7 81. Kg5 Rd4 82. Rfe5 Kf8 83. Re8+ Kf7 84.
R8e6 Kf8 85. Rg6 Rbb4 86. Rf5+ Ke7 87. f4 Rdc4 88. Rg7+ Ke8 89. Ra7 Rc6 90. Re5+
Kf8 91. f5 Rcc4 92. Kf6 Rc6+ 93. Re6 Rxe6+ 94. Kxe6 Re4+ 95. Kf6 Ke8 96. Ra8+
Kd7 97. g5 Rb4 98. g6 Rb6+ 99. Kg7 1-0

[Event "Mondiale Lampo FIDE 2022"]
[Site "Alma Ata"]
[Date "29.12.2022"]
[Round "1.16"]
[White "Mamedyarov, Shakhriyar"]
[Black "Harsha, Bharathakoti"]
[Result "1-0"]
[WhiteTitle ""]
[BlackTitle ""]
[WhiteElo "2740"]
[BlackElo "2593"]
[WhiteFideId "13401319"]
[BlackFideId "5078776"]
[EventDate "29.12.2022"]

1. d4 d5 2. c4 e6 3. Nc3 Nf6 4. cxd5 exd5 5. Bg5 Bb4 6. e3 h6 7. Bh4 g5 8. Bg3
Ne4 9. Qc2 h5 10. f3 Nxg3 11. hxg3 Qe7 12. Kf2 Be6 13. Bd3 c6 14. Nge2 Nd7 15.
a3 Bd6 16. b4 O-O-O 17. Na4 Kb8 18. Nc5 h4 19. g4 Rc8 20. Rac1 Rhe8 21. Qd2 Nf6
22. b5 cxb5 23. Bxb5 Red8 24. a4 Bxc5 25. dxc5 Rxc5 26. Rxc5 Qxc5 27. Rc1 Qb6
28. Qc3 Nd7 29. Bxd7 Bxd7 30. Qe5+ Ka8 31. Qxd5 Kb8 1-0

[Event "Mondiale Lampo FIDE 2022"]
[Site "Alma Ata"]
[Date "29.12.2022"]
[Round "1.17"]
[White "Bologan, Victor"]
[Black "Amin, Bassem"]
[Result "0-1"]
[WhiteTitle ""]
[BlackTitle ""]
[WhiteElo "2574"]
[BlackElo "2682"]
[WhiteFideId "13900048"]
[BlackFideId "10601457"]
[EventDate "29.12.2022"]

1. e4 e5 2. Nf3 Nc6 3. Bc4 Nf6 4. d3 h6 5. c3 d6 6. O-O g6 7. d4 Qe7 8. Re1 Bg7
9. h3 O-O 10. Nbd2 Kh8 11. Bd3 Nh5 12. Nf1 Bd7 13. Be3 Rae8 14. dxe5 dxe5 15. b4
b6 16. Qd2 Nf4 17. Bxf4 exf4 18. Qxf4 g5 19. Qd2 g4 20. hxg4 Bxg4 21. N1h2 Bh5
22. e5 Qe6 23. Qf4 f6 24. Bc4 Qe7 25. e6 Ne5 26. Nxe5 fxe5 27. Qe3 Rf4 28. Bb3
Ref8 29. f3 Rg8 30. Rad1 Qg5 31. e7 Re8 32. Qd3 Rxe7 33. Qd8+ Rf8 34. Qd3 Bf6
35. Kh1 Rg7 36. Be6 Qxg2# 0-1

[Event "Mondiale Lampo FIDE 2022"]
[Site "Alma Ata"]
[Date "29.12.2022"]
[Round "1.18"]
[White "Sarana, Alexey"]
[Black "Dragnev, Valentin"]
[Result "0-1"]
[WhiteTitle ""]
[BlackTitle ""]
[WhiteElo "2668"]
[BlackElo "2556"]
[WhiteFideId "24133795"]
[BlackFideId "1634852"]
[EventDate "29.12.2022"]

1. d4 Nf6 2. c4 e6 3. Nc3 Bb4 4. e3 O-O 5. Bd3 d5 6. a3 Bxc3+ 7. bxc3 dxc4 8.
Bxc4 c5 9. Ne2 Qc7 10. Bd3 Nc6 11. f4 b6 12. O-O Ne7 13. e4 cxd4 14. cxd4 Bb7
15. Ng3 Rad8 16. Bb2 Ne8 17. Rc1 Qd7 18. f5 exf5 19. Nxf5 Nxf5 20. Rxf5 Nd6 21.
Rf4 f5 22. exf5 Nxf5 23. d5 Bxd5 24. Qg4 Be6 25. Be4 Ne3 26. Qh5 Rxf4 27. Qxh7+
Kf8 28. Re1 Bg8 29. Qg6 Qf7 30. Qxf7+ Bxf7 31. Bf3 Nc4 32. Bc3 Rf5 33. Bg4 Rfd5
34. h4 Kg8 35. Re7 a5 36. a4 Nd6 37. Ra7 Nf5 38. h5 Ne3 39. Bf3 Rc5 40. Bb2 Nc4
41. Bc3 Ne5 42. Bxe5 Rxe5 43. g4 Rc5 44. Kf2 Rc3 45. Be4 0-1

[Event "Mondiale Lampo FIDE 2022"]
[Site "Alma Ata"]
[Date "29.12.2022"]
[Round "1.19"]
[White "Alonso Rosell, Alvar"]
[Black "Nihal, Sarin"]
[Result "0-1"]
[WhiteTitle ""]
[BlackTitle ""]
[WhiteElo "2561"]
[BlackElo "2670"]
[WhiteFideId "2270544"]
[BlackFideId "25092340"]
[EventDate "29.12.2022"]

1. d4 Nf6 2. c4 e6 3. Nf3 d5 4. g3 Bb4+ 5. Nc3 Ne4 6. Qc2 O-O 7. Bg2 Nc6 8. O-O
Bxc3 9. bxc3 Na5 10. Ba3 Re8 11. Ne5 f6 12. Bb4 c5 13. Bxa5 Qxa5 14. Nd3 Qxc3
15. Rfc1 Qxc2 16. Rxc2 cxd4 17. cxd5 exd5 18. Nf4 Be6 19. Nxe6 Rxe6 20. Bf3 Rc6
21. Rb2 b6 22. Rb4 d3 23. exd3 Nc3 24. Re1 Kf7 25. Rh4 h6 26. Bh5+ g6 27. Bf3 h5
28. g4 Rh8 29. gxh5 gxh5 30. Rxh5 Rxh5 31. Bxh5+ Kg7 32. Re7+ Kh6 33. Bg4 Kg5
34. Rg7+ Kf4 35. a3 a5 36. h4 b5 37. Bh5 f5 38. Rg3 b4 39. Rf3+ Ke5 40. axb4
axb4 41. Re3+ Kd4 42. Rf3 b3 43. Rf4+ Kc5 44. Rxf5 b2 45. Bf3 b1=Q+ 46. Kg2 Rg6+
47. Kh3 Qf1+ 0-1

[Event "Mondiale Lampo FIDE 2022"]
[Site "Alma Ata"]
[Date "29.12.2022"]
[Round "1.20"]
[White "Tomashevsky, Evgeny"]
[Black "Burmakin, Vladimir"]
[Result "1-0"]
[WhiteTitle ""]
[BlackTitle ""]
[WhiteElo "2694"]
[BlackElo "2498"]
[WhiteFideId "4147235"]
[BlackFideId "4105109"]
[EventDate "29.12.2022"]

1. c4 c6 2. Nf3 d5 3. g3 Nf6 4. Bg2 g6 5. b3 Bg7 6. Bb2 O-O 7. O-O a5 8. Nc3 Re8
9. d4 Ne4 10. Rc1 Nxc3 11. Bxc3 a4 12. cxd5 axb3 13. Qxb3 cxd5 14. Ne5 e6 15. e4
dxe4 16. Bxe4 Nd7 17. Rfd1 Qb6 18. Nc4 Qxb3 19. axb3 Bf8 20. Bf3 Ra2 21. Ra1
Rxa1 22. Rxa1 b5 23. Ne5 Nxe5 24. dxe5 b4 25. Bd2 Bd7 26. Ra7 Bb5 27. Rb7 Bd3
28. Bxb4 Bxb4 29. Rxb4 Rc8 30. g4 Rc1+ 31. Kg2 g5 32. Rd4 Bf1+ 33. Kg3 Rb1 34.
Rd1 Rxd1 35. Bxd1 h6 1-0

[Event "Mondiale Lampo FIDE 2022"]
[Site "Alma Ata"]
[Date "29.12.2022"]
[Round "1.21"]
[White "Khusnutdinov, Rustam"]
[Black "Matlakov, Maxim"]
[Result "1/2-1/2"]
[WhiteTitle ""]
[BlackTitle ""]
[WhiteElo "2441"]
[BlackElo "2662"]
[WhiteFideId "13701703"]
[BlackFideId "4168003"]
[EventDate "29.12.2022"]

1. Nc3 d5 2. e4 dxe4 3. Nxe4 Nf6 4. Nxf6+ exf6 5. Bc4 Bd6 6. Qe2+ Be7 7. Nf3 O-O
8. O-O Bd6 9. d4 Nd7 10. Bb3 a5 11. c3 Re8 12. Qd3 Nf8 13. h3 c6 14. Bd2 a4 15.
Bc2 Be6 16. c4 Bc7 17. Bb4 Ng6 18. Rfe1 Ba5 19. Qc3 Bc7 20. Rad1 Bd7 21. d5
Rxe1+ 22. Qxe1 cxd5 23. cxd5 Bb6 24. d6 Rc8 25. Bb1 Nf8 26. Nd4 g6 27. a3 Ne6
28. Nxe6 Bxe6 29. Be4 Qd7 30. Bf3 Bc5 31. Bxc5 Rxc5 32. Qb4 b6 33. Qxb6 Rb5 34.
Qd4 Kg7 35. Rc1 Re5 36. h4 Qb5 37. Rd1 Bd7 38. Qb4 Qxb4 39. axb4 Rb5 40. Rd4 f5
41. Be2 Rb6 42. b5 Kf6 43. f4 Ke6 44. Bc4+ Kf6 45. Rd5 Rb8 46. Kf2 Be6 47. Rd4
Bxc4 48. Rxc4 Rxb5 49. d7 Rd5 50. Rxa4 Rxd7 51. Ke3 Rb7 52. b4 Re7+ 53. Kf3 Re4
54. Ra6+ Ke7 55. Rb6 Rc4 56. b5 Rc3+ 57. Kf2 Rc2+ 58. Kf3 Rc3+ 59. Kf2 Rc2+ 1/2-1/2

[Event "Mondiale Lampo FIDE 2022"]
[Site "Alma Ata"]
[Date "29.12.2022"]
[Round "1.22"]
[White "Svane, Rasmus"]
[Black "Makhnev, Denis"]
[Result "0-1"]
[WhiteTitle ""]
[BlackTitle ""]
[WhiteElo "2622"]
[BlackElo "2481"]
[WhiteFideId "4657101"]
[BlackFideId "13707647"]
[EventDate "29.12.2022"]

1. Nf3 d5 2. g3 Bf5 3. Bg2 e6 4. c4 c6 5. Qb3 Qb6 6. d3 Nd7 7. O-O Ngf6 8. cxd5
cxd5 9. Nc3 Bc5 10. Bf4 Qxb3 11. axb3 O-O 12. Nb5 Bg6 13. Rfc1 a6 14. Nd6 Nh5
15. Nxb7 Nxf4 16. gxf4 Bb6 17. b4 Rfb8 18. Nc5 Nxc5 19. bxc5 Bc7 20. Ra2 Bxf4
21. Rca1 h6 22. e3 Bc7 23. Bf1 a5 24. d4 Rb4 25. Nd2 e5 26. Nf3 f6 27. Rd1 Bh5
28. Be2 e4 29. Kg2 exf3+ 30. Bxf3 Bxf3+ 31. Kxf3 f5 32. h4 h5 33. Rg1 Kf7 34.
Rc1 Rab8 35. Rc2 Rb3 36. Rc3 Rxb2 37. Ra1 R8b3 38. Rcc1 f4 39. c6 fxe3 40. fxe3
Rh2 41. Rf1 Rbb2 0-1

[Event "Mondiale Lampo FIDE 2022"]
[Site "Alma Ata"]
[Date "29.12.2022"]
[Round "1.23"]
[White "Vakhidov, Jakhongir"]
[Black "Maghsoodloo, Parham"]
[Result "1/2-1/2"]
[WhiteTitle ""]
[BlackTitle ""]
[WhiteElo "2607"]
[BlackElo "2719"]
[WhiteFideId "14201801"]
[BlackFideId "12539929"]
[EventDate "29.12.2022"]

1. c4 e5 2. g3 Nc6 3. Nc3 Nf6 4. Bg2 Bb4 5. Nd5 a5 6. e3 O-O 7. Ne2 d6 8. O-O
Bc5 9. d4 Ba7 10. dxe5 Nxe5 11. b3 c6 12. Ndf4 Bc5 13. Bb2 Re8 14. Nd3 Bb6 15.
Nxe5 dxe5 16. Qc2 Bg4 17. Nc3 Qc8 18. Na4 Bc7 19. f3 Be6 20. Kh1 Nd7 21. c5 f5
22. Rad1 Qd8 23. Bh3 Qf6 24. e4 fxe4 25. Bxe6+ Qxe6 26. fxe4 Nf6 27. Nb6 Bxb6
28. cxb6 a4 29. bxa4 Qxa2 30. Ra1 Qe6 31. a5 c5 32. Rfc1 Qc6 33. Qc4+ Kh8 34.
Re1 Rad8 35. Bc3 Ng4 36. Qe2 Nf6 37. a6 Qxb6 38. Ba5 Qxa6 39. Qxa6 bxa6 40. Bxd8
Rxd8 41. Rxa6 h6 42. Rc6 Rd2 43. h3 Nh5 44. Rg1 Re2 45. Rxc5 Rxe4 46. Kh2 Re3
47. Rg2 Kh7 48. Rcc2 Nf6 49. Rce2 Rxe2 50. Rxe2 e4 51. g4 Kg6 52. Kg3 Kf7 53.
Kf4 Ke6 54. Ra2 g5+ 55. Ke3 Ke5 56. Ra6 Nd5+ 57. Kf2 Nf6 58. Kg3 h5 59. Ra5+ Kd4
60. Rxg5 hxg4 61. Rf5 Nd5 62. hxg4 e3 63. g5 Ke4 64. Rf8 e2 65. Re8+ Kf5 66. Kf2
Nf4 67. Ra8 Kxg5 68. Ra4 Kf5 69. Ra2 Nd3+ 1/2-1/2

[Event "Mondiale Lampo FIDE 2022"]
[Site "Alma Ata"]
[Date "29.12.2022"]
[Round "1.24"]
[White "Vidit, Santosh Gujrathi"]
[Black "Puranik, Abhimanyu"]
[Result "1-0"]
[WhiteTitle ""]
[BlackTitle ""]
[WhiteElo "2730"]
[BlackElo "2616"]
[WhiteFideId "5029465"]
[BlackFideId "5061245"]
[EventDate "29.12.2022"]

1. d4 Nf6 2. Nf3 g6 3. b3 Bg7 4. Bb2 O-O 5. e3 b6 6. c4 Bb7 7. Nc3 d5 8. Rc1 e6
9. cxd5 Nxd5 10. Nxd5 Bxd5 11. Ba3 Re8 12. Bb5 c6 13. Bd3 c5 14. dxc5 bxc5 15.
Bxc5 Bxf3 16. gxf3 Nd7 17. b4 Qh4 18. Rc4 Qh3 19. Bf1 Qf5 20. Bd4 Nb6 21. Rc5 e5
22. e4 Qe6 23. Be3 Bf8 24. Rb5 Red8 25. Qb3 Qf6 26. Be2 Rab8 27. O-O Nd7 28.
Rxb8 Rxb8 29. Qd5 Nb6 30. Qb5 Rc8 31. a4 Rc2 32. a5 Nc8 33. Qd3 Ra2 34. Qc4 Rb2
35. Qxc8 Rxe2 36. Bh6 Qe7 37. Rd1 Qxb4 38. Bxf8 Re1+ 39. Rxe1 Qxe1+ 40. Kg2 1-0